000
00310nam a2200145Ia 4500
100
_a
Reeve W.D.
942
_c
BK
654
_a
Computer
245
_a
Power Builder : Function Reference 4.0
260
_b
Power soft Corporations
082
_a
5.1
_b
POW
300
_a
861
546
_a
ENGLISH
999
_c
18582
_d
18582